A work of art (Record no. 186124)

MARC details
000 -LÍDER
campo de controle de tamanho fixo 00342 a2200169 4500
001 - NÚMERO DE CONTROLE
campo de controle 186124
020 ## - ISBN - INTERNATIONAL STANDARD BOOK NUMBER
ISBN - International Standard Book Number 85-08-03939-5
040 ## - FONTE DA CATALOGAÇÃO
Instituição que transcreveu o registro Magnum
100 ## - ENTRADA PRINCIPAL--NOME PESSOAL
Nome pessoal Marques, Amadeu
240 10 - TÍTULO UNIFORME
Título uniforme A work of art
Idioma da obra ING
245 10 - TÍTULO
Título A work of art
300 ## - DESCRIÇÃO FÍSICA
Extensão
362 0# - DATAS DE PUBLICAÇÃO E/OU DESIGNAÇÃO SEQUENCIAL
Datas de publicação e/ou designação sequencial 1992
440 #1 - DECLARAÇÃO DE SÉRIE/ENTRADA ADICIONADA--TÍTULO
Título Ática
697 ## - ENTRADA DE ASSUNTO LOCAL--ENTIDADE COLETIVA (RLIN)
Nome corporativo ou nome da jurisdição LITERATURA INGLESA
942 ## - ELEMENTOS DE ENTRADA ADICIONADOS (KOHA)
Tipo de material Koha Livros
Holdings
Situação do descarte Situação das perdas Situação física Não pode ser emprestado Biblioteca de origem Biblioteca atual Data de aquisição Total de empréstimos Número de chamada completo Código de barras Data de último acesso Data do preço efetivo Tipo de material Koha
        Magnum Magnum 08/06/2024   890.1.93 MAG00052247 08/06/2024 08/06/2024 Livros
        Magnum Magnum 08/06/2024   890.1.93 MAG00052248 08/06/2024 08/06/2024 Livros
        Magnum Magnum 08/06/2024   890.1.93 MAG00052249 08/06/2024 08/06/2024 Livros